| 000 | 00704nam a2200289Ia 4500 | ||
|---|---|---|---|
| 005 | 20260324145425.0 | ||
| 008 | 008 260324s9999 xx 000 0 eng d | ||
| 020 | _a9780429491153 | ||
| 037 | _aEBOOK | ||
| 040 | _aCRL | ||
| 040 | _beng | ||
| 040 | _cCRL | ||
| 041 | _2eng | ||
| 041 | _aeng | ||
| 084 | _qCRL | ||
| 100 |
_aJulienne Ford; Denis Mongon; Maurice Whelan _91222916 |
||
| 245 | 0 | _aSpecial Education and Social Control | |
| 245 | 0 | _bInvisible Disasters | |
| 260 | _bTaylor and Francis | ||
| 260 | _c1982 | ||
| 365 | _a | ||
| 365 | _b170 | ||
| 856 | _uhttp://www.taylorfrancis.com/books/9780429491153 | ||
| 942 | _cEBOOK | ||
| 999 |
_c1830800 _d1830800 |
||